00527nam a22001697a 450000500170000001000130001702000260003003500130005603700090006908200080007810000220008624501020010826000340021027000600024430000280030470000250033220210406114330.0 aB-738736 a9780670058167c250.00 aB-738736 bGift a080 aNehru, Jawaharlal aLetters from a father to his daughter /cby Jawaharlal Nahru ; illustrated by Ajanta Guhathakurta aNew DelhibPuffin Booksc2004 a11 Community Centre, Panchsheel ParkbNew Delhie110017 a154p.:c22cm(pbk)bill. aGuhathakurta, Ajanta